000 00504nam a22001817a 4500
003 OSt
005 20120302150429.0
008 090704t xxu||||| |||| 00| 0 eng d
020 _a81-86530-75-4
035 _a५९४३
040 _cमराठी
100 _aखाडिलकर, नीलकंठ
_97181
245 _aनेताजी
250 _a१ ली
260 _aमुंबई
_bपरचुरे
_c१९९९
300 _b११३ पाने
942 _2ddc
_cBOOK
999 _c492129
_d492126